000 00444nam a2200169Ia 4500
008 230917s9999||||xx |||||||||||||| ||und||
020 _cRS250
040 _e224606
_aMAIN
041 _aEnglish
082 _a302.4 M 111 P
100 _aMaalouf, Amin
245 0 _aPahchan ke naam par hatiyain
260 _aNew delhi
_bRajkamal Parkashan
_c2012
300 _a147 p.
500 _a1929 05/02/2015 RP7637 19/02/2015 Main Budget
942 _cBK
999 _c14396
_d14396